[Event "36th Reykjavik op"]
[Site "Reykjavik ISL"]
[Date "2023.03.31"]
[Round "4.80"]
[White "Kracht, Raphael"]
[Black "Densing, Gerd"]
[WhiteElo "2145"]
[BlackElo "1777"]
[Result "1-0"]
[EventDate "2023.03.29"]
[PlyCount "80"]

1. Nf3 Nf6 2. g3 g6 3. Bg2 Bg7 4. O-O O-O 5. d3 d5 6. Nbd2 c6 7. e4 dxe4 8. dxe4
Bg4 9. h3 Bxf3 10. Qxf3 Nbd7 11. Re1 Qa5 12. Qe2 e5 13. a4 Rad8 14. Nc4 Qc7 15. b3
Nb6 16. Ba3 Rfe8 17. Ne3 Bf8 18. Bb2 Bg7 19. a5 Nbd7 20. Nc4 b5 21. axb6 axb6 22.
Bc3 Ra8 23. Qe3 Bf8 24. Nd2 Bc5 25. Qe2 b5 26. Nf3 Nh5 27. Kf1 f6 28. h4 Ng7 29.
Bh3 Kf7 30. Kg2 Ne6 31. Red1 Rxa1 32. Bxa1 Re7 33. Qd2 Ndf8 34. Qh6 Rd7 35. Bxe5
fxe5 36. Rxd7+ Nxd7 37. Qxh7+ Kf6 38. Bxe6 Kxe6 39. Ng5+ Kd6 40. Qxg6+ Ke7  1-0

[Event "36th Reykjavik op"]
[Site "Reykjavik ISL"]
[Date "2023.03.31"]
[Round "4.81"]
[White "Wecker, Martin"]
[Black "Frost, Niklas"]
[WhiteElo "2144"]
[BlackElo "1774"]
[Result "1-0"]
[EventDate "2023.03.29"]
[PlyCount "49"]

1. Nf3 d5 2. g3 Nc6 3. d4 Bg4 4. Bg2 h5 5. c3 Bxf3 6. Bxf3 h4 7. Qb3 hxg3 8. hxg3
Rxh1+ 9. Bxh1 Na5 10. Qxd5 Qxd5 11. Bxd5 e6 12. Bf3 O-O-O 13. Nd2 Ne7 14. b3 f5 15.
Bb2 g5 16. b4 Nac6 17. Nb3 g4 18. Bg2 Nd5 19. O-O-O Bh6+ 20. Kc2 e5 21. b5 Nce7 22.
dxe5 Bg7 23. Ba3 c6 24. bxc6 bxc6 25. c4  1-0

[Event "36th Reykjavik op"]
[Site "Reykjavik ISL"]
[Date "2023.03.31"]
[Round "4.82"]
[White "Birkisson, Bardur Oern"]
[Black "Horan, George"]
[WhiteElo "2142"]
[BlackElo "1729"]
[Result "1-0"]
[EventDate "2023.03.29"]
[PlyCount "49"]

1. e4 c5 2. Nf3 d6 3. Bb5+ Nc6 4. O-O Bd7 5. Re1 g6 6. c3 Bg7 7. d4 a6 8. Bxc6 Bxc6
9. d5 Bd7 10. Bf4 Nf6 11. e5 dxe5 12. Bxe5 Nh5 13. c4 Bxe5 14. Nxe5 O-O 15. Nc3 Nf6
16. Qe2 Re8 17. Ne4 Nxe4 18. Qxe4 Bf5 19. Qf4 f6 20. Ng4 Bxg4 21. Qxg4 Qc8 22. Re6
b5 23. Rae1 Qd7 24. h4 Kf7 25. Rxf6+  1-0

[Event "36th Reykjavik op"]
[Site "Reykjavik ISL"]
[Date "2023.03.31"]
[Round "4.83"]
[White "Fischer, Robert James"]
[Black "Briem, Stephan"]
[WhiteElo "1775"]
[BlackElo "2142"]
[Result "0-1"]
[EventDate "2023.03.29"]
[PlyCount "66"]

1. d4 d5 2. Nf3 c6 3. c3 Bf5 4. Qb3 Qc7 5. g3 Nd7 6. Bf4 Qb6 7. Bg2 Ngf6 8. O-O e6
9. Nbd2 h6 10. Ne5 g5 11. Nxd7 Nxd7 12. Be3 Bd6 13. c4 Qxb3 14. Nxb3 O-O 15. h4 f6
16. Bf3 Kg7 17. g4 Be4 18. Bxe4 dxe4 19. hxg5 hxg5 20. Kg2 Kg6 21. Rh1 f5 22. Rh5
f4 23. Rah1 fxe3 24. Rh7 Rxf2+ 25. Kg1 Bh2+ 26. R1xh2 Rxh2 27. Rxh2 a5 28. Rh3 a4
29. Na1 Nb6 30. Rxe3 Nxc4 31. Rxe4 Kf6 32. Kf2 Nxb2 33. e3 Nd1+  0-1

[Event "36th Reykjavik op"]
[Site "Reykjavik ISL"]
[Date "2023.03.31"]
[Round "4.84"]
[White "Kunz, Andre"]
[Black "Thorisson, Benedikt"]
[WhiteElo "2140"]
[BlackElo "1725"]
[Result "1-0"]
[EventDate "2023.03.29"]
[PlyCount "139"]

1. e4 c5 2. c3 d5 3. exd5 Qxd5 4. d4 cxd4 5. cxd4 e5 6. Nf3 exd4 7. Qxd4 Nf6 8. Nc3
Qe6+ 9. Be3 Nc6 10. Bb5 Bd7 11. Qd3 Bc5 12. O-O Bxe3 13. Rae1 O-O 14. Rxe3 Qf5 15.
Qxf5 Bxf5 16. Bxc6 bxc6 17. Nd4 Bd7 18. Na4 Rab8 19. b3 Rb4 20. Rd1 Bg4 21. f3 Nd5
22. Red3 Nf4 23. fxg4 Nxd3 24. Nxc6 Rb7 25. Rxd3 Rc7 26. Nb4 a5 27. Nd5 Rc1+ 28.
Kf2 Rc2+ 29. Kf3 Rxa2 30. Ne7+ Kh8 31. Nc6 g6 32. Nxa5 Rc8 33. Nc4 Ra1 34. Nd2 Kg7
35. Nb6 Rc2 36. Nbc4 Rca2 37. b4 Ra6 38. b5 Rf6+ 39. Ke4 Ra8 40. Rd6 Rf2 41. Ne3
Rb8 42. b6 Rxb6 43. Rxb6 Rxd2 44. Rb7 Rf2 45. Rc7 Kf8 46. g5 Ra2 47. Rc4 Rb2 48.
Rc2 Rb4+ 49. Ke5 Kg7 50. Rc4 Rb2 51. Rg4 Re2 52. Re4 Rb2 53. h4 Rf2 54. Rf4 Re2 55.
Ke4 Ra2 56. Kf3 Ra3 57. Kf2 Ra2+ 58. Kg3 Ra3 59. Rf3 Ra4 60. Ng4 Ra5 61. Rb3 Ra7
62. Rb8 h5 63. gxh6+ Kh7 64. Rb6 Ra3+ 65. Kh2 Ra4 66. Kh3 Ra3+ 67. g3 Rf3 68. Rf6
Rxf6 69. Nxf6+ Kxh6 70. Kg4  1-0

[Event "36th Reykjavik op"]
[Site "Reykjavik ISL"]
[Date "2023.03.31"]
[Round "4.85"]
[White "Harish, Neeraj"]
[Black "Danielsson, Grimur"]
[WhiteElo "2127"]
[BlackElo "1570"]
[Result "1-0"]
[EventDate "2023.03.29"]
[PlyCount "55"]

1. e4 e6 2. d4 Nf6 3. Nc3 d6 4. f4 Be7 5. Nf3 a6 6. a4 Nbd7 7. Bd3 c5 8. e5 dxe5
9. dxe5 Nd5 10. Ne4 Nf8 11. O-O Ng6 12. g3 O-O 13. Qe2 b6 14. Bd2 Bb7 15. h4 c4 16.
Bxc4 Bc5+ 17. Nxc5 bxc5 18. Rad1 h6 19. Bd3 Nge7 20. c4 Nc7 21. Be3 Qc8 22. Bxc5
Re8 23. Bxe7 Rxe7 24. b4 Qe8 25. Bc2 Qc6 26. Rd6 Qe8 27. Qd3 g6 28. h5  1-0

[Event "36th Reykjavik op"]
[Site "Reykjavik ISL"]
[Date "2023.03.31"]
[Round "4.86"]
[White "Kasims, Stefans"]
[Black "Briem, Benedikt"]
[WhiteElo "1753"]
[BlackElo "2127"]
[Result "0-1"]
[EventDate "2023.03.29"]
[PlyCount "136"]

1. e4 e6 2. d4 d5 3. Nc3 Be7 4. Bd3 c5 5. Nf3 Nf6 6. exd5 exd5 7. O-O O-O 8. h3 h6
9. Be3 c4 10. Be2 Bf5 11. Ne5 Na6 12. f4 Nb4 13. Rc1 Ne4 14. Nxe4 Bxe4 15. a3 Nc6
16. Bh5 a5 17. f5 Bg5 18. Qe2 Bxe3+ 19. Qxe3 Qg5 20. Qxg5 hxg5 21. Nxc6 bxc6 22.
Bf3 Rfe8 23. Rf2 Rab8 24. Bxe4 Rxe4 25. c3 Kf8 26. Rcc2 Rbe8 27. Kh2 Re3 28. Rf3
Rxf3 29. gxf3 Re1 30. Rg2 Ke7 31. Rxg5 Kf6 32. Rg2 Rf1 33. Kg3 Kxf5 34. Re2 Rg1+
35. Kf2 Rb1 36. Kg3 f6 37. h4 g6 38. Rg2 Re1 39. Kf2 Re7 40. Kg3 Re1 41. Kf2 Rh1
42. Kg3 g5 43. hxg5 Kxg5 44. Re2 Rg1+ 45. Kf2 Rb1 46. Kg3 Kf5 47. Rh2 Rg1+ 48. Kf2
Rg7 49. Ke3 Re7+ 50. Kf2 Kf4 51. Rh4+ Kg5 52. Rh2 f5 53. Rg2+ Kf4 54. Rh2 Rb7 55.
Kf1 Kxf3 56. Rf2+ Ke4 57. Re2+ Kd3 58. Kf2 Rh7 59. Re3+ Kc2 60. Re2+ Kb3 61. Kg2
Rh4 62. Rf2 Re4 63. Kf1 f4 64. Rd2 f3 65. Kf2 Re2+ 66. Rxe2 fxe2 67. Kxe2 Kxb2 68.
Kd2 a4  0-1

[Event "36th Reykjavik op"]
[Site "Reykjavik ISL"]
[Date "2023.03.31"]
[Round "4.87"]
[White "Hnatyshyn, Anastasiia"]
[Black "Shadrina, Eva"]
[WhiteElo "2114"]
[BlackElo "1563"]
[Result "1-0"]
[EventDate "2023.03.29"]
[PlyCount "51"]

1. e4 c5 2. Nf3 Nc6 3. d4 cxd4 4. Nxd4 Nf6 5. Nc3 e5 6. Ndb5 d6 7. Nd5 Nxd5 8. exd5
Nb8 9. a4 Be7 10. Be2 O-O 11. Bd2 a6 12. Na3 a5 13. Bb5 f5 14. Nc4 f4 15. Qe2 Bf5
16. O-O-O Bd7 17. f3 Bxb5 18. axb5 b6 19. g3 fxg3 20. hxg3 Bg5 21. f4 Bh6 22. fxe5
Bxd2+ 23. Rxd2 dxe5 24. Qxe5 Nd7 25. Qe6+ Kh8 26. Rxh7+  1-0

[Event "36th Reykjavik op"]
[Site "Reykjavik ISL"]
[Date "2023.03.31"]
[Round "4.88"]
[White "Eliasson, Kristjan Oern"]
[Black "Skou, Niels"]
[WhiteElo "1737"]
[BlackElo "2114"]
[Result "0-1"]
[EventDate "2023.03.29"]
[PlyCount "116"]

1. e4 c6 2. Nf3 d5 3. Nc3 Nf6 4. e5 Ne4 5. d4 Bg4 6. Be2 Nxc3 7. bxc3 e6 8. O-O Be7
9. a4 Nd7 10. Ba3 c5 11. c4 dxc4 12. Bxc4 O-O 13. h3 Bh5 14. Re1 Rc8 15. Be2 Nb6
16. a5 Nd5 17. Qd2 cxd4 18. Qxd4 a6 19. c4 Bxa3 20. Rxa3 Ne7 21. Qb2 Qc7 22. Qc3
Nc6 23. g4 Bg6 24. Bf1 h6 25. Nh4 Bh7 26. Bg2 Rfd8 27. Bf1 Qe7 28. Nf3 Qc5 29. Ra4
Bg6 30. Nh4 Bh7 31. Nf3 Rd7 32. Kg2 Rcd8 33. Qa1 Ne7 34. Ra2 Qc6 35. Kg3 Qc5 36.
h4 Nc6 37. Qc3 Ne7 38. Qc1 Qb4 39. Qa1 Nc6 40. h5 Bd3 41. Ra4 Qc5 42. Bg2 Bc2 43.
Ra3 Bh7 44. Bf1 Nb4 45. Qc1 Nc2 46. Ra2 Nxe1 47. Qxe1 Bd3 48. Kh4 Bxc4 49. Rc2 Qe7+
50. Kg3 Bxf1 51. Qxf1 Qa3 52. Qe1 Rd3 53. Qe4 Rxf3+ 54. Kg2 Rc3 55. Re2 Qc5 56. Kh2
Qd5 57. Qb4 Qf3 58. Qe4 Qh3+  0-1

[Event "36th Reykjavik op"]
[Site "Reykjavik ISL"]
[Date "2023.03.31"]
[Round "4.89"]
[White "Bjarnason, Snorri Vikanes"]
[Black "Becker, Tobias"]
[WhiteElo "1676"]
[BlackElo "2085"]
[Result "0-1"]
[EventDate "2023.03.29"]
[PlyCount "112"]

1. c4 c6 2. Nf3 d5 3. e3 Nf6 4. b3 Bg4 5. Bb2 e6 6. Be2 Nbd7 7. Ne5 Bf5 8. Nxd7 Nxd7
9. O-O Bd6 10. d3 O-O 11. Nc3 Nf6 12. Bf3 Bg6 13. g3 Qe7 14. Re1 Rfd8 15. Qe2 Rd7
16. Rad1 Bb4 17. d4 a5 18. Rf1 Bxc3 19. Bxc3 Qa3 20. Qd2 b5 21. cxb5 cxb5 22. Ra1
Rda7 23. Rfc1 Qe7 24. Bb2 a4 25. bxa4 Rxa4 26. Rc5 b4 27. Bd1 Ne4 28. Qe1 Nxc5 29.
dxc5 R4a5 30. Qxb4 Qxc5 31. Qxc5 Rxc5 32. Bd4 Rcc8 33. Be2 Rc2 34. Bf3 Raxa2 35.
Rxa2 Rxa2 36. h4 h6 37. g4 f6 38. Kg2 Bf7 39. g5 e5 40. Bc3 Rc2 41. Ba1 Ra2 42. Bc3
Rc2 43. Ba1 Kf8 44. Kg3 Ke7 45. Bg4 Bg6 46. f4 Kd6 47. h5 Be4 48. g6 Bd3 49. Bf3
Be2 50. Bg4 Bxg4 51. Kxg4 Ke6 52. Kg3 Kf5 53. Kf3 Rh2 54. Bc3 Rh3+ 55. Kf2 Rxh5 56.
Bb4 Kxg6  0-1

[Event "36th Reykjavik op"]
[Site "Reykjavik ISL"]
[Date "2023.03.31"]
[Round "4.90"]
[White "Brade, Henry"]
[Black "Lohia, Sohum"]
[WhiteElo "1668"]
[BlackElo "2081"]
[Result "0-1"]
[EventDate "2023.03.29"]
[PlyCount "72"]

1. e4 e5 2. Nf3 Nc6 3. Bb5 a6 4. Ba4 Nf6 5. O-O b5 6. Bb3 Bc5 7. a4 Rb8 8. Nxe5 Nxe5
9. d4 Bxd4 10. Qxd4 d6 11. f4 Nc6 12. Qc3 Bb7 13. axb5 axb5 14. e5 Ne4 15. Qe3 Ne7
16. exd6 Qxd6 17. Nd2 Nxd2 18. Bxd2 O-O 19. Bc3 Nd5 20. Bxd5 Qxd5 21. Qg3 f6 22.
Rad1 Qc6 23. Rd2 Rbd8 24. Rfd1 Rxd2 25. Rxd2 Re8 26. h3 Qc5+ 27. Kh2 Qf5 28. Qg4
Qxg4 29. hxg4 Bc8 30. Kg3 Kf7 31. Kh4 c5 32. Ba5 Re4 33. f5 Bxf5 34. Kg3 Rxg4+ 35.
Kf3 h5 36. Rd5 Be4+  0-1

[Event "36th Reykjavik op"]
[Site "Reykjavik ISL"]
[Date "2023.03.31"]
[Round "4.91"]
[White "Deatrick, Alexander"]
[Black "Han, Oron"]
[WhiteElo "2081"]
[BlackElo "1496"]
[Result "1-0"]
[EventDate "2023.03.29"]
[PlyCount "67"]

1. d4 e6 2. c4 f5 3. g3 Nf6 4. Bg2 Be7 5. Nf3 O-O 6. O-O d6 7. Nc3 Ne4 8. Nxe4 fxe4
9. Ne1 d5 10. Be3 Nc6 11. Rc1 Na5 12. b3 b6 13. f3 dxc4 14. bxc4 c5 15. d5 Ba6 16.
Bh3 exd5 17. cxd5 Nc4 18. Bf4 Bd6 19. Qa4 Bxf4 20. Be6+ Kh8 21. gxf4 Ne3 22. Qxa6
Nxf1 23. Kxf1 Rxf4 24. e3 Rf8 25. f4 Qh4 26. Rc2 g5 27. f5 Qh3+ 28. Rg2 Qxe3 29.
Qe2 Qf4+ 30. Rf2 Qe5 31. Nc2 h6 32. Ne3 Rae8 33. Qh5 Re7 34. Qxh6+  1-0

[Event "36th Reykjavik op"]
[Site "Reykjavik ISL"]
[Date "2023.03.31"]
[Round "4.92"]
[White "Eriksen, Leander"]
[Black "Hayes, Peter"]
[WhiteElo "1637"]
[BlackElo "2075"]
[Result "0-1"]
[EventDate "2023.03.29"]
[PlyCount "78"]

1. e4 e6 2. d4 d5 3. Nc3 Nf6 4. e5 Nfd7 5. f4 c5 6. Nf3 Nc6 7. Be3 a6 8. Qd2 Be7
9. Bd3 b5 10. a3 Qc7 11. O-O c4 12. Be2 Nb6 13. Nd1 Bd7 14. Kh1 O-O 15. g4 f5 16.
gxf5 Rxf5 17. Bf2 Raf8 18. Bg3 R5f7 19. Ne3 c3 20. bxc3 g6 21. Ng4 Kh8 22. Nh4 Qd8
23. Qe1 Na5 24. Bd3 g5 25. fxg5 Rxf1+ 26. Bxf1 Bxg5 27. Nf6 Nac4 28. Bxc4 Nxc4 29.
Qe2 Bxf6 30. exf6 Qxf6 31. Qxc4 dxc4 32. Be5 Bc6+ 33. Ng2 Qxe5 34. dxe5 Rf2 35. Rg1
Rxc2 36. h4 Kg7 37. Kh2 Rxg2+ 38. Rxg2+ Bxg2 39. Kxg2 Kg6  0-1

[Event "36th Reykjavik op"]
[Site "Reykjavik ISL"]
[Date "2023.03.31"]
[Round "4.93"]
[White "Adams, George"]
[Black "Jones, Craig"]
[WhiteElo "1604"]
[BlackElo "2075"]
[Result "0-1"]
[EventDate "2023.03.29"]
[PlyCount "28"]

1. d4 Nf6 2. Nf3 g6 3. Bf4 Bg7 4. e3 O-O 5. h3 d6 6. Be2 Nbd7 7. c3 c5 8. O-O a6
9. a4 b6 10. Nbd2 Bb7 11. Re1 Qc7 12. Rc1 Bc6 13. b4 Qa7 14. b5 a5 (14... axb5 15.
axb5 Bxb5 (15... Bb7 16. Ra1 Qxa1 17. Qxa1 Rxa1 18. Rxa1 Nd5 19. Ra7 Rb8 20. Bc4
Nxf4 21. exf4 Nf6 22. dxc5 bxc5 23. Ng5 h6 24. Bxf7+ Kf8 25. Rxb7 Rxb7 26. Ne6+ Kxf7
27. Nd8+ Ke8 28. Nxb7 Nd5 29. c4 Nxf4 30. Ne4 Nd3 31. Na5 Kd7 32. b6 Nb4 33. Ng3
Nc6 34. b7 Nb8 35. Ne2 h5 (35... g5 36. Ng3 Kc7 37. Nf5 Bf8 38. Kf1 Kb6 39. Nb3 Kxb7
40. Ke2 Nc6 41. g3 e6 42. Ne3 Bg7 43. f4 gxf4 44. gxf4 Ne7 45. Kd3 Kc6 46. Ke4 Bc3
47. Kd3 Be1 48. Ng4 Nf5 49. Ke4 Bc3 50. Kd3 ( 50. Ne3 Nxe3 51. Kxe3 d5 52. Kd3 Be1
53. Nc1 Kd6 54. Ne2 Bh4 55. Ng1 Bf6 56. Nf3 Bg7 57. Nh4 h5 58. Nf3 Bh6 59. f5 e5
60. cxd5 Kxd5 61. Nh4 e4+ 62. Kc3 Bg7+ 63. Kd2 Ke5 64. Kc3 Bf6) 50... Be1 51. Ke4
Bc3)) 16. Ra1 Qxa1 17. Qxa1 Rxa1 18. Rxa1 Nd5 19. Ra7 Rb8)  0-1

[Event "36th Reykjavik op"]
[Site "Reykjavik ISL"]
[Date "2023.03.31"]
[Round "4.94"]
[White "Smarason, Kristjan Ingi"]
[Black "Hardarson, Petur Palmi"]
[WhiteElo "1469"]
[BlackElo "2069"]
[Result "0-1"]
[EventDate "2023.03.29"]
[PlyCount "76"]

1. d4 Nf6 2. c4 g6 3. Nc3 Bg7 4. e4 d6 5. Nf3 O-O 6. Be2 Nbd7 7. O-O e5 8. d5 Nc5
9. Qc2 a5 10. Be3 Nfd7 11. a3 a4 12. Nd2 f5 13. exf5 gxf5 14. f4 exf4 15. Bxf4 b6
16. Nf3 Nf6 17. Bg5 h6 18. Bh4 Qe8 19. Rae1 Nfe4 20. Bd3 Qg6 21. Nxe4 fxe4 22. Bxe4
Nxe4 23. Qxe4 Bf5 24. Qe3 Bd3 25. Rf2 Rae8 26. Qd2 Bxc4 27. Bg3 Qh5 28. Rxe8 Rxe8
29. Nh4 Bd4 30. Nf3 Bc5 31. h3 Bxf2+ 32. Bxf2 Bxd5 33. Ne1 Qg5 34. Qc2 c5 35. g3
b5 36. Kh2 Qf6 37. Kg1 Bc4 38. Nd3 Qf5  0-1

[Event "36th Reykjavik op"]
[Site "Reykjavik ISL"]
[Date "2023.03.31"]
[Round "4.95"]
[White "Heller, Stefan"]
[Black "Halldorsson, Bragi"]
[WhiteElo "1451"]
[BlackElo "2067"]
[Result "0-1"]
[EventDate "2023.03.29"]
[PlyCount "54"]

1. e4 c6 2. d4 d5 3. e5 Bf5 4. h4 h5 5. Bg5 Qb6 6. Bd3 Bxd3 7. Qxd3 Qxb2 8. e6 fxe6
9. Nf3 Nd7 10. O-O O-O-O 11. Nc3 e5 12. dxe5 Nc5 13. Qe3 Qa3 14. Rab1 Nh6 15. Bxh6
gxh6 16. Nd4 e6 17. Qh3 Re8 18. f4 Rg8 19. Rf3 Rg4 20. Nxd5 Qxa2 21. Nc3 Qc4 22.
Nde2 Ne4 23. Rb3 Bc5+ 24. Re3 Reg8 25. Nxe4 Qxe2 26. Nd6+ Kb8 27. Kh1 Qf1+  0-1

[Event "36th Reykjavik op"]
[Site "Reykjavik ISL"]
[Date "2023.03.31"]
[Round "4.96"]
[White "Brynjarsson, Oervar Holm"]
[Black "Laddha, Yash Jayesh"]
[WhiteElo "1262"]
[BlackElo "2067"]
[Result "0-1"]
[EventDate "2023.03.29"]
[PlyCount "36"]

1. e4 e5 2. Nf3 Nc6 3. Bc4 Nf6 4. d4 exd4 5. e5 d5 6. Bb5 Ne4 7. Nxd4 Bc5 8. Be3
O-O 9. Nxc6 bxc6 10. Bxc5 Nxc5 11. Bxc6 Rb8 12. Qd4 Qg5 13. O-O Ne6 14. Qxd5 Nf4
15. Qf3 Bh3 16. Nc3 Bxg2 17. Ne4 Ne2+ 18. Qxe2 Bxe4+  0-1

[Event "36th Reykjavik op"]
[Site "Reykjavik ISL"]
[Date "2023.03.31"]
[Round "4.101"]
[White "Pasti, Aron"]
[Black "Dasgupta, Avyukt"]
[WhiteElo "2378"]
[BlackElo "1896"]
[Result "1-0"]
[EventDate "2023.03.29"]
[PlyCount "68"]

1. e4 e6 2. d4 d5 3. Nc3 dxe4 4. Nxe4 Bd7 5. c4 Bc6 6. Nc3 Bb4 7. Qb3 Ba5 8. Be3
Nf6 9. O-O-O Bxc3 10. Qxc3 O-O 11. Nf3 b5 12. d5 exd5 13. cxb5 Bb7 14. Nd4 Qd7 15.
Kb1 a6 16. g4 Ne4 17. Qc2 c5 18. bxc6 Nxc6 19. Nf5 Nb4 20. Qxe4 Qa4 21. Qd4 Qxa2+
22. Kc1 Rac8+ 23. Kd2 Rc2+ 24. Ke1 Qxb2 25. Qxb2 Rxb2 26. Nd4 Re8 27. Rg1 Bc6 28.
Be2 Ba4 29. Ra1 Bc2 30. Bc1 Rb1 31. Rxb1 Bxb1 32. Kd2 a5 33. Bb2 Ba2 34. Ra1 Rc8
 1-0

[Event "36th Reykjavik op"]
[Site "Reykjavik ISL"]
[Date "2023.03.31"]
[Round "4.102"]
[White "Dishman, Matthew"]
[Black "Trimitzios, Petros"]
[WhiteElo "1896"]
[BlackElo "2358"]
[Result "0-1"]
[EventDate "2023.03.29"]
[PlyCount "50"]

1. e4 e5 2. Nf3 Nc6 3. Bb5 Nge7 4. O-O a6 5. Ba4 g6 6. c3 Bg7 7. d4 exd4 8. cxd4
b5 9. Bc2 d6 10. h3 O-O 11. Nc3 Nb4 12. Bb1 Nbc6 13. Be3 f5 14. Qb3+ Kh8 15. Ng5
f4 16. Nf7+ Rxf7 17. Qxf7 fxe3 18. fxe3 Qg8 19. Nd5 Nxd5 20. exd5 Nxd4 21. Qxg8+
Kxg8 22. exd4 Bxd4+ 23. Rf2 Bxh3 24. Be4 Rf8 25. Raf1 Bg4  0-1

[Event "36th Reykjavik op"]
[Site "Reykjavik ISL"]
[Date "2023.03.31"]
[Round "4.103"]
[White "Dauth, Benjamin"]
[Black "Skarphedinsson, Ingvar Wu"]
[WhiteElo "2261"]
[BlackElo "1882"]
[Result "1/2-1/2"]
[EventDate "2023.03.29"]
[PlyCount "135"]

1. e4 e6 2. d3 d5 3. Nd2 Nf6 4. g3 dxe4 5. dxe4 Nc6 6. Bg2 e5 7. Ngf3 Bc5 8. O-O
O-O 9. Qe2 Qe7 10. Nb3 Bb6 11. c3 a5 12. Be3 a4 13. Nbd2 a3 14. b3 Bxe3 15. Qxe3
b6 16. Rfd1 Ba6 17. Nf1 Rfd8 18. Ne1 Rd6 19. Qf3 Rxd1 20. Rxd1 Rd8 21. Ne3 Rxd1 22.
Qxd1 g6 23. N1c2 Na7 24. Nd5 Nxd5 25. Qxd5 c6 26. Qd2 Kg7 27. Qc1 Nb5 28. Bf1 Qc5
29. Bxb5 cxb5 30. Qd2 Bb7 31. Qd3 Qc6 32. f3 Qc5+ 33. Kf1 Bc8 34. Qe3 Qd6 35. Ke2
Be6 36. Nb4 Qc7 37. Kd2 Qa7 38. Nd5 Qd7 39. Qg5 Bxd5 40. Qxe5+ f6 41. Qxd5 Qh3 42.
Qxb5 Qxh2+ 43. Qe2 Qxg3 44. c4 h5 45. Ke3 h4 46. Qf2 Qg5+ 47. f4 Qg4 48. Qh2 Kf7
49. b4 Kg7 50. c5 bxc5 51. bxc5 Qd1 52. Qxh4 Qc1+ 53. Kf3 Qxc5 54. Qe1 Qc2 55. Qb4
Qd3+ 56. Kf2 Qc2+ 57. Kg3 Qxa2 58. Qe7+ Qf7 59. Qxa3 Qc7 60. Kf3 Qd7 61. Kf2 Qc7
62. Qe3 Kf7 63. Kf3 Qb7 64. Kg3 Qc7 65. Kg4 Qc8+ 66. Kh4 Qc7 67. Qd2 Qxf4+ 68. Qxf4
 1/2-1/2

[Event "36th Reykjavik op"]
[Site "Reykjavik ISL"]
[Date "2023.03.31"]
[Round "4.104"]
[White "Cederstam, Carl"]
[Black "Krassel, Timofei"]
[WhiteElo "2255"]
[BlackElo "1880"]
[Result "1-0"]
[EventDate "2023.03.29"]
[PlyCount "71"]

1. e4 e5 2. Nf3 Nc6 3. Bb5 a6 4. Ba4 Nf6 5. O-O Be7 6. Re1 b5 7. Bb3 O-O 8. a4 d5
9. axb5 dxe4 10. bxc6 exf3 11. Qxf3 e4 12. Qe2 Bd6 13. h3 Re8 14. Nc3 Re5 15. Ra4
Bxh3 16. Nxe4 Bg4 17. Qe3 Nxe4 18. Rxe4 Rxe4 19. Qxe4 Qh4 20. g3 Qh5 21. Qd5 Qg6
22. d4 Be6 23. Qf3 Bxb3 24. Qxb3 h5 25. c4 Rd8 26. Qf3 Bb4 27. Rd1 h4 28. Bf4 hxg3
29. Bxg3 Bd6 30. c5 Bxg3 31. fxg3 Rb8 32. Re1 Rxb2 33. Re8+ Kh7 34. Qh1+ Qh6 35.
Qxh6+ Kxh6 36. d5  1-0

[Event "36th Reykjavik op"]
[Site "Reykjavik ISL"]
[Date "2023.03.31"]
[Round "4.105"]
[White "Large, Peter G"]
[Black "Haraldsson, Sigurjon"]
[WhiteElo "2227"]
[BlackElo "1864"]
[Result "1-0"]
[EventDate "2023.03.29"]
[PlyCount "97"]

1. e4 e6 2. d4 d5 3. Nc3 Bb4 4. e5 c5 5. a3 Ba5 6. dxc5 Bxc3+ 7. bxc3 Ne7 8. Qg4
Qc7 9. Nf3 Nd7 10. Bb5 O-O 11. O-O Nxe5 12. Nxe5 Qxe5 13. Bf4 Qxc3 14. Bd6 Qf6 15.
Rfe1 e5 16. Qh5 e4 17. Bxe7 Qxe7 18. Qxd5 a6 19. Ba4 Be6 20. Qxe4 Qxc5 21. Qxb7 g6
22. Bb3 Ra7 23. Qf3 Bxb3 24. cxb3 Rc7 25. g3 Qd4 26. b4 Rc2 27. Rad1 Qb2 28. Re3
Rc1 29. Rxc1 Qxc1+ 30. Kg2 Rd8 31. Qf6 Qc8 32. Rc3 Qd7 33. h4 a5 34. bxa5 Qd5+ 35.
Kh2 Qxa5 36. Re3 h5 37. Re5 Qa8 38. Re7 Rf8 39. Re3 Re8 40. Rxe8+ Qxe8 41. Qd4 Qe7
42. a4 Qa3 43. Qd8+ Kh7 44. a5 Qf3 45. Qb6 Qg4 46. a6 g5 47. a7 gxh4 48. a8=Q hxg3+
49. fxg3  1-0

[Event "36th Reykjavik op"]
[Site "Reykjavik ISL"]
[Date "2023.03.31"]
[Round "4.107"]
[White "Ricken, Katharina"]
[Black "Ostensson, Julia"]
[WhiteElo "2205"]
[BlackElo "1822"]
[Result "1/2-1/2"]
[EventDate "2023.03.29"]
[PlyCount "86"]

1. Nf3 Nf6 2. g3 g6 3. b3 Bg7 4. Bb2 O-O 5. Bg2 c5 6. c4 d6 7. O-O e5 8. d3 Nc6 9.
Nc3 h6 10. Nd2 Nh7 11. Nd5 Be6 12. a3 Qd7 13. e3 Bh3 14. b4 Bxg2 15. Kxg2 b6 16.
Ne4 f5 17. Nec3 Ng5 18. f4 Ne6 19. b5 Na5 20. Qc2 Rae8 21. Ne2 Kh7 22. Bc3 Nb7 23.
a4 Nc7 24. Nxc7 Qxc7 25. Rae1 Rf7 26. Bd2 Nd8 27. Nc3 Ne6 28. Qd1 exf4 29. gxf4 Qb7+
30. Qf3 Qxf3+ 31. Kxf3 g5 32. fxg5 hxg5 33. Nd5 g4+ 34. Kg2 Ng5 35. Re2 Nf3 36. a5
Nd4 37. Ref2 Nf3 38. Bc1 bxa5 39. Ra2 Kg6 40. Nf4+ Kg5 41. Nh3+ Kg6 42. Nf4+ Kg5
43. Nh3+ Kg6  1/2-1/2

[Event "36th Reykjavik op"]
[Site "Reykjavik ISL"]
[Date "2023.03.31"]
[Round "4.108"]
[White "Bruchmann, Stephan"]
[Black "Acevedo Mendez, Lisseth"]
[WhiteElo "2185"]
[BlackElo "1816"]
[Result "1-0"]
[EventDate "2023.03.29"]
[PlyCount "79"]

1. e4 e5 2. Nf3 Nc6 3. Nc3 Bc5 4. Nxe5 Nxe5 5. d4 Bd6 6. dxe5 Bxe5 7. f4 Bxc3+ 8.
bxc3 Qe7 9. Qd4 Nf6 10. Bd3 c5 11. Qa4 a6 12. e5 Rb8 13. O-O Nd5 14. Qe4 Nxc3 15.
Qc4 Nb5 16. Be3 d6 17. Rae1 d5 18. Qxd5 b6 19. a4 Bb7 20. Qb3 c4 21. Bxc4 Na7 22.
Qxb6 Nc8 23. Qa5 O-O 24. Bc5 Qd8 25. Qxd8 Rxd8 26. Rd1 Re8 27. Rd7 Ne7 28. Rxe7 Rxe7
29. Bxe7 Bc6 30. Bb3 Re8 31. Bd6 g6 32. f5 Be4 33. f6 Bf5 34. Rb1 Rc8 35. Rb2 Rc3
36. a5 h5 37. h4 Be4 38. Kf2 Bf5 39. Bd5 Rc8 40. c4  1-0

[Event "36th Reykjavik op"]
[Site "Reykjavik ISL"]
[Date "2023.03.31"]
[Round "4.109"]
[White "Omarsson, Adam"]
[Black "Terhuven, Patrick"]
[WhiteElo "1890"]
[BlackElo "2180"]
[Result "0-1"]
[EventDate "2023.03.29"]
[PlyCount "88"]

1. d4 d5 2. c4 e6 3. Nc3 Nf6 4. cxd5 exd5 5. Bg5 Nbd7 6. e3 c6 7. Bd3 Be7 8. Nf3
Nh5 9. Bxe7 Qxe7 10. O-O O-O 11. Qb1 g6 12. b4 a6 13. a4 Nb6 14. a5 Nd7 15. Na4 Ndf6
16. h3 Ng7 17. Ne5 Bf5 18. Nc5 Bxd3 19. Qxd3 Nf5 20. Rab1 Nd6 21. f3 Rfe8 22. Rfe1
Qc7 23. Ra1 Kg7 24. Ng4 Nxg4 25. hxg4 Rad8 26. Kf2 Qe7 27. g3 Qg5 28. Rg1 Re7 29.
Rae1 Rde8 30. Rh1 f5 31. f4 Qxg4 32. Rh4 Ne4+ 33. Nxe4 dxe4 34. Qe2 Qxe2+ 35. Kxe2
b6 36. Rc1 bxa5 37. Rxc6 axb4 38. Rxa6 Rc8 39. Ra2 Rec7 40. Rh1 b3 41. Rb2 Rc2+ 42.
Rxc2 Rxc2+ 43. Kd1 Ra2 44. Re1 Ra1+  0-1

[Event "36th Reykjavik op"]
[Site "Reykjavik ISL"]
[Date "2023.03.31"]
[Round "4.110"]
[White "Cuvelier, Annelies"]
[Black "Shundi, Matias"]
[WhiteElo "1875"]
[BlackElo "2145"]
[Result "0-1"]
[EventDate "2023.03.29"]
[PlyCount "150"]

1. e4 c5 2. c3 Nf6 3. e5 Nd5 4. Nf3 d6 5. exd6 e6 6. g3 Bxd6 7. Bg2 O-O 8. O-O Nc6
9. d4 cxd4 10. Nxd4 Nxd4 11. Qxd4 Qc7 12. c4 Nb6 13. Nd2 Rd8 14. Qe4 Bb4 15. Nb3
Qxc4 16. Bf4 Qxe4 17. Bxe4 e5 18. Be3 f5 19. Bg5 Re8 20. Bd3 Be6 21. Rfc1 Rec8 22.
a3 Bxb3 23. Rxc8+ Rxc8 24. axb4 e4 25. Ra3 Bd5 26. Bf1 a6 27. Be3 Nd7 28. b5 axb5
29. Bxb5 Ne5 30. Kg2 Ng4 31. Bd7 Nxe3+ 32. Rxe3 Rf8 33. Rc3 b6 34. Kf1 g6 35. Bc6
Be6 36. Bb7 Rf7 37. Ba6 Bd5 38. Rc8+ Rf8 39. Rc7 Rf7 40. Rc8+ Kg7 41. Rd8 Bc6 42.
Rb8 Ra7 43. Bc4 Rb7 44. Rc8 Bd7 45. Ra8 Rc7 46. Ba6 Rc1+ 47. Ke2 Bc6 48. Rc8 Bb5+
49. Kd2 Rxc8 50. Bxc8 Kf6 51. Ke3 Ke5 52. h4 h6 53. Bb7 Bd7 54. Ba6 Kd5 55. Bb7+
Kc4 56. Kd2 Kb3 57. Kc1 Be6 58. Bc6 Bf7 59. Bd7 Bc4 60. Be8 g5 61. hxg5 hxg5 62.
Bc6 Be2 63. Bd5+ Bc4 64. Bc6 Be2 65. Bd5+ Kb4 66. Kd2 Bd3 67. Be6 f4 68. gxf4 gxf4
69. Bf7 Bc4 70. Bg6 Bd5 71. Bh5 Kb3 72. Kc1 f3 73. Bg6 e3 74. Bc2+ Kc4 75. fxe3 f2
 0-1